Statistics for Biggest Islands in the Southern Hemisphere

Click here to take the quiz!

General Stats

  • This quiz has been taken 75 times
  • The average score is 9 of 22

Answer Stats

Area in km²Island% Correct
507,451Madagascar
95%
145,836South Island
93%
111,583North Island
93%
138,794Java
89%
785,753New Guinea
88%
65,022Tasmania
88%
28,141Timor
57%
47,401Isla Grande de Tierra del Fuego
39%
35,145New Britain
34%
10,531Viti Levu
32%
16,648New Caledonia
30%
14,154Flores
30%
10,711Sumba
18%
40,100Marajó
14%
49,070Alexander Island
14%
14,386Sumbawa
14%
17,454Seram
13%
43,873Berkner Island
7%
15,700Thurston Island
7%
11,742Yos Sudarso
7%
11,413Bangka
7%
20,000Bananal
5%

Score Distribution

Percentile by Number Answered

Percent of People with Each Score

Your Score History

You have not taken this quiz